| 000 | 00518cam a22002054a 4500 | ||
|---|---|---|---|
| 005 | 20250605164315.0 | ||
| 008 | 250528s ||||||||||||||||||||||||d | ||
| 035 | _a22652 | ||
| 020 | _a9780631181316 | ||
| 040 |
_aGR-AtMCL _bgre _dGR-AtMCL _eAACR2 |
||
| 245 | 1 | _aCRITICAL ISSUES IN TOURISM / A GEOGRAPHICAL PERSPECTIVE | |
| 250 | _a1 | ||
| 260 |
_bBlackwell, _c1994 |
||
| 300 | _a280 | ||
| 700 | 1 |
_aShaw Gareth _93475 |
|
| 700 | 1 |
_aWilliams Allan M _93476 |
|
| 942 | _cBK | ||
| 999 |
_c7700 _d7700 |
||